[Event "Moscow VAO FM-B 06"]
[Site "Moscow"]
[Date "2016.06.24"]
[Round "3"]
[White "Slavinsky, Petr"]
[Black "Erzhanov, Arman"]
[Result "0-1"]
[WhiteElo "2030"]
[BlackElo "2291"]
[PlyCount "68"]
[EventDate "2016.06.23"]
[EventType "tourn"]
[EventRounds "9"]
[EventCountry "RUS"]
[SourceTitle "EXT 2018"]
[Source "ChessBase"]
[SourceDate "2017.10.13"]
[SourceVersion "1"]
[SourceVersionDate "2017.10.13"]
[SourceQuality "1"]

1. d4 Nf6 2. Bf4 e6 3. e3 b6 4. h3 Bb7 5. Nd2 Be7 6. Ngf3 0-0 7. a4 a6 8. Bd3 c5 9. c3 d6 10. 0-0 Nbd7 11. Qe2 Qc7 12. Bh2 Rfd8 13. e4 Nf8 14. e5 N6d7 15. Ne4 dxe5 16. dxe5 Ng6 17. Neg5 c4 18. Bxc4 Bxg5 19. Nxg5 Ndxe5 20. Bb3 h6 21. Ne4 Qc6 22. f3 Nd3 23. Rad1 Ndf4 24. Qe3 Nd5 25. Qd4 b5 26. Rd2 Kh7 27. Rfd1 Nde7 28. Qb4 Rxd2 29. Rxd2 Qb6+ 30. Qc5 Qxc5+ 31. Nxc5 Bd5 32. Bc2 Kg8 33. Be4 Kf8 34. Bd6 Ke8 0-1

[Event "Moscow VAO FM 07"]
[Site "Moscow"]
[Date "2015.07.27"]
[Round "?"]
[White "Slavinsky, Petr"]
[Black "Erzhanov, Arman"]
[Result "0-1"]
[WhiteElo "2273"]
[BlackElo "2229"]
[PlyCount "98"]
[EventDate "2015.07.27"]
[EventType "tourn"]
[EventRounds "10"]
[EventCountry "RUS"]
[SourceTitle "EXT 2016"]
[Source "ChessBase"]
[SourceDate "2015.10.08"]
[SourceVersion "1"]
[SourceVersionDate "2015.10.08"]
[SourceQuality "1"]

1. d4 Nf6 2. Bf4 d5 3. e3 c5 4. c3 Nc6 5. Nd2 Qb6 6. Qb3 c4 7. Qc2 Nh5 8. Bg5 h6 9. Bh4 g5 10. Be2 Ng7 11. Bg3 Bf5 12. e4 Bg6 13. b3 f5 14. exd5 Nxd4 15. cxd4 cxb3 16. Nxb3 f4 17. Bb5+ Kf7 18. Qc4 Nf5 19. Bd7 Nd6 20. Qe2 Qb4+ 21. Kf1 Qc4 22. Nf3 Bg7 23. Be6+ Ke8 24. Rc1 Bd3 25. Rxc4 Bxe2+ 26. Kxe2 Nxc4 27. Rc1 b5 28. Nc5 a6 29. Bxf4 gxf4 30. Nd7 Rc8 31. Nde5 Bxe5 32. Nxe5 Rc7 33. Ng6 f3+ 34. Kxf3 Nd2+ 35. Ke2 Rxc1 36. Kxd2 Rg1 37. Nxh8 Rxg2 38. Ke3 Rxh2 39. Ng6 h5 40. Ne5 h4 41. Bc8 b4 42. Bxa6 Rh3+ 43. Nf3 Rh1 44. Kd2 h3 45. Kd3 h2 46. Nxh2 Rxh2 47. Ke3 Kd8 48. Bc4 Kc7 49. f3 Kd6 0-1

[Event "Moscow VAO FM 07"]
[Site "Moscow"]
[Date "2015.07.27"]
[Round "?"]
[White "Slavinsky, Petr"]
[Black "Mirzoeva, Elmira"]
[Result "0-1"]
[WhiteElo "2273"]
[BlackElo "2229"]
[PlyCount "80"]
[EventDate "2015.07.27"]
[EventType "tourn"]
[EventRounds "10"]
[EventCountry "RUS"]
[SourceTitle "EXT 2016"]
[Source "ChessBase"]
[SourceDate "2015.10.08"]
[SourceVersion "1"]
[SourceVersionDate "2015.10.08"]
[SourceQuality "1"]

1. e4 c6 2. d4 d5 3. exd5 cxd5 4. Bd3 Nc6 5. c3 Qc7 6. Ne2 Bg4 7. 0-0 e6 8. f3 Bh5 9. Bf4 Bd6 10. Bxd6 Qxd6 11. Ng3 Nf6 12. Nxh5 Nxh5 13. g3 0-0 14. f4 g6 15. Nd2 f5 16. Bb5 Nd8 17. Be2 Nf6 18. g4 Nf7 19. g5 Ne4 20. Nxe4 fxe4 21. Qe1 Nd8 22. Qg3 Nc6 23. h4 Rf7 24. Rf2 Raf8 25. Raf1 Ne7 26. Bg4 Nf5 27. Qh3 Ng7 28. Qh2 b5 29. h5 Nf5 30. Qh3 gxh5 31. Bxh5 Rg7 32. Bg4 b4 33. Rh2 Qa6 34. g6 hxg6 35. cxb4 Qb6 36. Qc3 Rc7 37. Qh3 Qxd4+ 38. Kh1 Qf6 39. Rg1 Rg7 40. Rc1 Qe7 0-1

[Event "Moscow VAO IM 05"]
[Site "Moscow"]
[Date "2015.05.28"]
[Round "?"]
[White "Glek, Igor Vladimirovich"]
[Black "Slavinsky, Petr"]
[Result "1-0"]
[WhiteElo "2403"]
[BlackElo "2038"]
[PlyCount "85"]
[EventDate "2015.05.28"]
[EventType "tourn"]
[EventRounds "9"]
[EventCountry "RUS"]
[SourceTitle "EXT 2016"]
[Source "ChessBase"]
[SourceDate "2015.10.08"]
[SourceVersion "1"]
[SourceVersionDate "2015.10.08"]
[SourceQuality "1"]

1. e4 e5 2. Nf3 Nf6 3. d3 Nc6 4. g3 d5 5. exd5 Qxd5 6. Bg2 Bb4+ 7. c3 Bc5 8. 0-0 0-0 9. d4 exd4 10. Nxd4 Qd7 11. Nxc6 bxc6 12. Qa4 Bb7 13. Nd2 Rfe8 14. Nb3 Bb6 15. c4 Ne4 16. Be3 Bxe3 17. fxe3 Qd3 18. Rae1 c5 19. Na5 Ba6 20. Qc6 Bxc4 21. Nxc4 Qxc4 22. Rf4 f5 23. Rxf5 Qe6 24. Rxc5 Qxc6 25. Rxc6 Rac8 26. Rec1 Nf6 27. Rxc7 Rxc7 28. Rxc7 Rxe3 29. Rxa7 Re1+ 30. Bf1 Rb1 31. b3 Ne4 32. Rd7 Rb2 33. Bc4+ Kf8 34. a4 Nd2 35. Bd5 Nxb3 36. Rf7+ Ke8 37. Rb7 Rb1+ 38. Kf2 Nd2 39. Bc6+ Kf8 40. Rxb1 Nxb1 41. a5 Na3 42. a6 Nc4 43. a7 1-0

[Event "Moscow VAO IM 05"]
[Site "Moscow"]
[Date "2015.05.28"]
[Round "?"]
[White "Golubev, Roman"]
[Black "Slavinsky, Petr"]
[Result "1-0"]
[WhiteElo "2361"]
[BlackElo "2038"]
[PlyCount "101"]
[EventDate "2015.05.28"]
[EventType "tourn"]
[EventRounds "9"]
[EventCountry "RUS"]
[SourceTitle "EXT 2016"]
[Source "ChessBase"]
[SourceDate "2015.10.08"]
[SourceVersion "1"]
[SourceVersionDate "2015.10.08"]
[SourceQuality "1"]

1. e4 e5 2. Nf3 Nf6 3. Nc3 Bb4 4. Nxe5 0-0 5. Nd3 Bxc3 6. dxc3 Nxe4 7. Nf4 Re8 8. Be2 d6 9. 0-0 Nd7 10. f3 Nef6 11. c4 a5 12. b3 Nc5 13. Bb2 Qe7 14. Rf2 Qe3 15. Nd5 Nxd5 16. cxd5 Bd7 17. Bd4 Qg5 18. c4 Re7 19. Bf1 Rae8 20. Qc2 b6 21. Qc3 f6 22. Rd1 Bf5 23. Kh1 Qf4 24. Rb2 Kf7 25. g3 Qh6 26. Qd2 Qxd2 27. Rbxd2 Re1 28. Kg2 h5 29. Kf2 R1e7 30. Re2 Na6 31. Rxe7+ Rxe7 32. Rd2 Nc5 33. Be2 Re8 34. Ke1 Bd3 35. Kd1 Bxe2+ 36. Rxe2 Rxe2 37. Kxe2 Nd7 38. h3 Kg6 39. Ke3 Kf5 40. g4+ Kg5 41. Ke4 Kh4 42. Kf5 Nf8 43. Bxf6+ gxf6 44. Kxf6 hxg4 45. fxg4 Nd7+ 46. Ke7 Ne5 47. Kd8 c6 48. dxc6 Nxc6+ 49. Kc7 Nb4 50. Kxb6 Nxa2 51. Kxa5 1-0

[Event "Moscow VAO IM 01"]
[Site "Moscow"]
[Date "2015.01.??"]
[Round "4"]
[White "Slavinsky, Petr"]
[Black "Kanevsky, Sergei"]
[Result "0-1"]
[WhiteElo "2061"]
[BlackElo "2131"]
[PlyCount "40"]
[EventDate "2015.01.20"]
[EventType "tourn"]
[EventRounds "13"]
[EventCountry "RUS"]
[EventCategory "3"]
[SourceTitle "EXT 2016"]
[Source "ChessBase"]
[SourceDate "2015.10.08"]
[SourceVersion "1"]
[SourceVersionDate "2015.10.08"]
[SourceQuality "1"]

1. e4 d5 2. exd5 Qxd5 3. Nc3 Qa5 4. Bc4 c6 5. Nge2 Nf6 6. 0-0 Bg4 7. d3 e6 8. f3 Bf5 9. Ng3 Bg6 10. f4 Bd6 11. Bd2 Qc7 12. Nce4 Bxe4 13. Nxe4 Nxe4 14. dxe4 Nd7 15. e5 Bc5+ 16. Kh1 Nb6 17. Bd3 0-0-0 18. Qe2 g5 19. Ba5 Rd4 20. c4 Qe7 0-1

[Event "Moscow VAO IM 01"]
[Site "Moscow"]
[Date "2015.01.??"]
[Round "11"]
[White "Tillyaev, Ulugbek"]
[Black "Slavinsky, Petr"]
[Result "1-0"]
[WhiteElo "2404"]
[BlackElo "2061"]
[PlyCount "65"]
[EventDate "2015.01.20"]
[EventType "tourn"]
[EventRounds "13"]
[EventCountry "RUS"]
[EventCategory "3"]
[SourceTitle "EXT 2016"]
[Source "ChessBase"]
[SourceDate "2015.10.08"]
[SourceVersion "1"]
[SourceVersionDate "2015.10.08"]
[SourceQuality "1"]

1. e4 e5 2. Nf3 Nf6 3. Bc4 Nxe4 4. Nc3 Nxc3 5. dxc3 f6 6. Nh4 g6 7. f4 Qe7 8. f5 Qg7 9. fxg6 hxg6 10. Qg4 g5 11. Nf5 Qh7 12. Rf1 Nc6 13. Qf3 Ne7 14. Bd3 Qh5 15. g4 Qh3 16. Ng3 Bg7 17. Bxg5 d5 18. Be2 Bxg4 19. Qxg4 Qxg4 20. Bxg4 fxg5 21. Nh5 Bf8 22. Nf6+ Kd8 23. Nd7 Bg7 24. Nc5 Rh6 25. 0-0-0 Ke8 26. Ne6 Rxe6 27. Bxe6 c6 28. Rf7 Bf8 29. Rdf1 Ng6 30. Bd7+ Kd8 31. Rxf8+ Nxf8 32. Rxf8+ Kxd7 33. Rxa8 1-0

[Event "Moscow VAO IM 10"]
[Site "Moscow"]
[Date "2015.??.??"]
[Round "?"]
[White "Slavinsky, Petr"]
[Black "Martynyuk, Elizaveta"]
[Result "0-1"]
[WhiteElo "2061"]
[BlackElo "2084"]
[PlyCount "66"]
[EventDate "2015.10.22"]
[EventType "tourn"]
[EventRounds "13"]
[EventCountry "RUS"]
[EventCategory "12"]
[SourceTitle "EXT 2017"]
[Source "ChessBase"]
[SourceDate "2016.10.25"]
[SourceVersion "1"]
[SourceVersionDate "2016.10.25"]
[SourceQuality "1"]

1. e4 c5 2. Nf3 Nc6 3. Bb5 d6 4. 0-0 Nf6 5. e5 Nd5 6. c4 Nc7 7. Bxc6+ bxc6 8. exd6 exd6 9. Re1+ Be7 10. Qe2 Ne6 11. Nc3 0-0 12. b3 Bf6 13. Bb2 Bd7 14. d3 d5 15. Na4 Nd4 16. Nxd4 cxd4 17. cxd5 cxd5 18. Nc5 Re8 19. Qd2 Bg5 20. f4 Qc7 21. fxg5 Qxc5 22. Rac1 Qb6 23. Qf4 Bb5 24. Rf1 Qg6 25. Rf3 Bxd3 26. Qxd4 Be4 27. Rg3 Qb6 28. Rc5 Re5 29. Rcc3 Rae8 30. h4 Bxg2 31. Kxg2 Re2+ 32. Kf3 Qe6 33. Re3 Rxe3+ 0-1

[Event "Moscow VAO IM 03"]
[Site "Moscow"]
[Date "2015.??.??"]
[Round "?"]
[White "Slavinsky, Petr"]
[Black "Naumkin, Igor"]
[Result "1-0"]
[WhiteElo "2301"]
[BlackElo "2408"]
[PlyCount "77"]
[EventDate "2015.03.??"]
[EventType "tourn"]
[EventRounds "11"]
[EventCountry "RUS"]
[EventCategory "1"]
[SourceTitle "EXT 2016"]
[Source "ChessBase"]
[SourceDate "2015.10.08"]
[SourceVersion "1"]
[SourceVersionDate "2015.10.08"]
[SourceQuality "1"]

1. e4 e5 2. Nf3 Nc6 3. Bb5 a6 4. Ba4 Nf6 5. Bxc6 dxc6 6. Nc3 Bd6 7. d4 exd4 8. Qxd4 0-0 9. Bg5 Be7 10. 0-0-0 Qxd4 11. Nxd4 Bd7 12. e5 Nd5 13. Bxe7 Nxe7 14. f4 c5 15. Nb3 Bg4 16. Rd2 b6 17. h3 Be6 18. g4 f6 19. exf6 Rxf6 20. f5 Bxb3 21. axb3 Nc6 22. Rd7 Rf7 23. Rhd1 Ne5 24. Rxf7 Kxf7 25. Nd5 Rc8 26. Re1 Nc6 27. Re6 Nd4 28. Re7+ Kf8 29. f6 gxf6 30. Rxh7 Re8 31. Rh8+ Kf7 32. Rxe8 Kxe8 33. Nxf6+ Kf7 34. Nd5 Ne2+ 35. Kd2 Ng1 36. Nf4 Nf3+ 37. Ke3 Nd4 38. Kd3 c6 39. b4 1-0

[Event "Moscow VAO 11-A"]
[Site "Moscow"]
[Date "2014.11.??"]
[Round "9"]
[White "Golubev, Roman"]
[Black "Slavinsky, Petr"]
[Result "1-0"]
[WhiteElo "2312"]
[BlackElo "2068"]
[PlyCount "53"]
[EventDate "2014.11.06"]
[EventType "tourn"]
[EventRounds "9"]
[EventCountry "RUS"]
[SourceTitle "EXT 2018"]
[Source "ChessBase"]
[SourceDate "2017.10.13"]
[SourceVersion "1"]
[SourceVersionDate "2017.10.13"]
[SourceQuality "1"]

1. e4 c5 2. Nf3 e6 3. d4 cxd4 4. Nxd4 a6 5. Bd3 Bc5 6. Nb3 Be7 7. Qg4 Bf6 8. N1d2 Nc6 9. Qg3 d6 10. 0-0 Nge7 11. Nc4 e5 12. Be3 b5 13. Nb6 Rb8 14. Nxc8 Rxc8 15. c3 Na5 16. Nxa5 Qxa5 17. a4 b4 18. cxb4 Qxb4 19. Bxa6 Rc2 20. Bb5+ Kf8 21. Bc1 h5 22. Qd3 Rc8 23. Rd1 Rd8 24. Be3 Qa5 25. b4 Qxb4 26. Bb6 Ra8 27. Rab1 1-0

[Event "Moscow VAO 11-A"]
[Site "Moscow"]
[Date "2014.11.??"]
[Round "3"]
[White "Vdovin, Vadim"]
[Black "Slavinsky, Petr"]
[Result "1-0"]
[WhiteElo "2295"]
[BlackElo "2068"]
[PlyCount "49"]
[EventDate "2014.11.06"]
[EventType "tourn"]
[EventRounds "9"]
[EventCountry "RUS"]
[SourceTitle "EXT 2018"]
[Source "ChessBase"]
[SourceDate "2017.10.13"]
[SourceVersion "1"]
[SourceVersionDate "2017.10.13"]
[SourceQuality "1"]

1. e4 e6 2. d4 d5 3. Nd2 Nf6 4. e5 Nfd7 5. Bd3 c5 6. c3 Nc6 7. Ne2 Qb6 8. Nf3 f6 9. Nf4 Nd8 10. exf6 Nxf6 11. 0-0 Bd6 12. Ng5 0-0 13. Qc2 Bxf4 14. Bxh7+ Kh8 15. Bxf4 cxd4 16. Bg6 Bd7 17. Qd3 e5 18. Bxe5 Ne4 19. Bxe4 dxe4 20. Qxd4 Qxd4 21. Bxd4 Re8 22. f3 e3 23. Rfe1 e2 24. Ne4 Bb5 25. Nd6 1-0

[Event "Moscow Petrosian Memorial"]
[Site "Moscow"]
[Date "2014.07.03"]
[Round "9"]
[White "Nikologorskiy, Konstantin"]
[Black "Slavinsky, Petr"]
[Result "1-0"]
[WhiteElo "2409"]
[BlackElo "2087"]
[PlyCount "91"]
[EventDate "2014.06.28"]
[EventType "tourn"]
[EventRounds "9"]
[EventCountry "RUS"]
[EventCategory "2"]
[SourceTitle "CBM 161 Extra"]
[Source "ChessBase"]
[SourceDate "2014.08.29"]
[SourceVersion "1"]
[SourceVersionDate "2014.08.29"]
[SourceQuality "1"]

1. d4 d5 2. c4 c6 3. Nc3 Nf6 4. e3 a6 5. Bd3 b5 6. b3 Bg4 7. Nge2 e6 8. Qc2 Nbd7 9. h3 Bh5 10. Nf4 Bg6 11. Nxg6 hxg6 12. 0-0 g5 13. e4 b4 14. Bxg5 bxc3 15. e5 Rh5 16. Qc1 Rxg5 17. Qxg5 Ne4 18. Qc1 Nd2 19. Re1 dxc4 20. Qxc3 Nxb3 21. axb3 cxd3 22. Qxd3 a5 23. Rac1 Qb6 24. Qe4 Qxb3 25. Rxc6 Qd5 26. Qc2 Bc5 27. Rxc5 Nxc5 28. dxc5 Rc8 29. Qa4+ Qc6 30. Qxa5 Qxc5 31. Qa4+ Kf8 32. Qh4 Kg8 33. Re3 Qc4 34. Qg5 Ra8 35. Rg3 g6 36. Rf3 Ra1+ 37. Kh2 Qb4 38. Rf4 Qf8 39. h4 Qg7 40. h5 Ra8 41. hxg6 Qxg6 42. Qh4 Kf8 43. Rg4 Qc2 44. Qh8+ Ke7 45. Qxa8 Qh7+ 46. Kg3 1-0

[Event "Moscow VAO IM 04"]
[Site "Moscow"]
[Date "2014.04.??"]
[Round "6"]
[White "Glek, Igor Vladimirovich"]
[Black "Slavinsky, Petr"]
[Result "1-0"]
[WhiteElo "2460"]
[BlackElo "2095"]
[PlyCount "67"]
[EventDate "2014.04.16"]
[EventType "tourn"]
[EventRounds "13"]
[EventCountry "RUS"]
[SourceTitle "EXT 2015"]
[Source "ChessBase"]
[SourceDate "2014.11.20"]
[SourceVersion "1"]
[SourceVersionDate "2014.11.20"]
[SourceQuality "1"]

1. e4 e6 2. f4 d5 3. e5 c5 4. Nf3 Nc6 5. c3 Nh6 6. Na3 Nf5 7. Nc2 Bd7 8. Bd3 g6 9. 0-0 Qb6 10. Bxf5 gxf5 11. d3 Rg8 12. Kh1 Be7 13. Rb1 d4 14. b4 a6 15. Ba3 cxb4 16. cxb4 Rg4 17. Qd2 0-0-0 18. h3 Rg3 19. Qf2 Rdg8 20. Rg1 Qb5 21. Rb3 Qd5 22. Kh2 b5 23. Bb2 a5 24. Bxd4 Nxb4 25. Ne3 Qa8 26. Ng5 R3xg5 27. fxg5 Rxg5 28. Rc3+ Kd8 29. Rgc1 Nd5 30. Qf3 b4 31. Nxd5 exd5 32. Rc7 h5 33. Ra7 Qb8 34. Qxd5 1-0

[Event "Moscow VAO IM 07"]
[Site "Moscow"]
[Date "2014.??.??"]
[Round "1"]
[White "Saulin, Dmitri"]
[Black "Slavinsky, Petr"]
[Result "1/2-1/2"]
[WhiteElo "2445"]
[BlackElo "2200"]
[PlyCount "35"]
[EventDate "2014.07.06"]
[EventType "tourn"]
[EventRounds "9"]
[EventCountry "RUS"]
[EventCategory "6"]
[SourceTitle "EXT 2015"]
[Source "ChessBase"]
[SourceDate "2014.11.20"]
[SourceVersion "1"]
[SourceVersionDate "2014.11.20"]
[SourceQuality "1"]

1. e4 e6 2. d4 d5 3. exd5 exd5 4. Nf3 Nf6 5. Bd3 Be7 6. 0-0 0-0 7. Re1 Bg4 8. Bg5 Nbd7 9. Nbd2 c6 10. c3 Re8 11. Qc2 h6 12. Bh4 Nh5 13. Bxe7 Rxe7 14. Rxe7 Qxe7 15. Re1 Qd6 16. h3 Be6 17. Nf1 Nf4 18. Bf5 1/2-1/2